00509 2200205 4500001002100000008004100021035002000062245006400082100002300146250000600169260003300175300001100208084001400219082000800233650001400241990001200255990001200267990001200279990001200291INLIS000000000000503 ind  a0010-0424000479 aAneka Hiasan Fruit And Vegetable CarvingcKristiono Suwarno aSuwarno, Kristiono a1 aKlaten :bIntan Sejatic2015 a76 hlm a600 KRI a a600 aNon Fiksi a0722032 a0722033 a0722034 a0722035